Quelle est la capitale la plus proche ? - Villes françaises - Statistiques

Statistiques générales
  • Ce quiz a été pris 106 fois
  • Le résultat moyen est 14 sur 18
Statistiques - réponses
Hint Réponse % Correct
Dunkerque Bruxelles
96%
Lille Bruxelles
82%
Calais Londres
82%
Ajaccio Monaco
82%
Lyon Berne
80%
Nancy Luxembourg
79%
Strasbourg Luxembourg
79%
Marseille Monaco
78%
Clermont-Ferrand Paris
78%
Caen Londres
77%
Nantes Paris
77%
Montpellier Andorre la Vieille
76%
La Rochelle Paris
76%
Mulhouse Berne
75%
Brest Londres
75%
Porto Vecchio Rome
75%
Bordeaux Andorre la Vieille
74%
Aurillac Andorre la Vieille
66%
Aucun quiz correspondant
Distribution des résultats
% des personnes avec chaque résultat
Percentile par nombre de réponses
Votre historique - résultats
Vous n’avez pas pris ce quiz